[Event "Linz county-ch"]
[Site "Linz"]
[Date "1999.04.03"]
[Round "9"]
[White "Lengauer, Andreas"]
[Black "Heuschober, Walter"]
[Result "0-1"]
[WhiteElo "1762"]
[BlackElo "1863"]
[PlyCount "46"]
[EventDate "1999.03.26"]
[EventType "swiss"]
[EventRounds "9"]
[EventCountry "AUT"]
[SourceTitle "EXT 2004"]
[Source "ChessBase"]
[SourceDate "2003.11.25"]
[SourceVersion "1"]
[SourceVersionDate "2003.11.25"]
[SourceQuality "1"]

1. d4 Nf6 2. c4 g6 3. Nc3 Bg7 4. e4 d6 5. Bg5 0-0 6. Bxf6 Bxf6 7. Be2 c5 8. d5 Qa5 9. Qd2 Nd7 10. h4 Bg7 11. h5 f5 12. hxg6 hxg6 13. exf5 Rxf5 14. Bd3 Ne5 15. Nf3 Rxf3 16. Bxg6 Bf5 17. Kf1 Rd3 18. Qg5 Bxg6 19. Ne2 Qd2 20. Nf4 Rf8 21. g3 Rf3 22. Rh2 R8xf4 23. gxf4 Qxf4 0-1